[Event "1st Killer Chess Training Open 2023"]
[Site "Copenhagen"]
[Date "2023.10.18"]
[Round "5.11"]
[White "Chitsazian, Daniel"]
[Black "Haubro, Martin"]
[Result "0-1"]
[WhiteElo "2100"]
[BlackElo "2405"]
[EventDate "2023.10.14"]
[EventType "swiss"]
[EventRounds "9"]
[EventCountry "DEN"]
[SourceTitle "Live v. Obro Skakforening"]

1. e4   c5  2. Nf3   d6  3. d4   cxd4  4. Nxd4   Nf6  5. f3   e5  6. Nb3   Be7  7. c4   a5  8. Be3   a4  9. N3d2   O-O  10. Nc3  10... a3  11. b3   Be6  12. Be2   Qa5  13. Nb5   Bd7  14. O-O   Na6  15. Bf2   Nb4  16. Nc3   Bd8  17. Rc1   Bb6  18. Ndb1   Bxf2+  19. Rxf2   Qc5  20. Bf1  20... Rfc8  21. g3   Ne8  22. Kg2   Kf8  23. Rd2   Ke7  24. Nd5+   Nxd5  25. Rxd5   Qc7  26. Nc3   Nf6  27. Qd2   Bc6  28. Rd3   Ne8  29. Qg5+   Kf8  30. Rcd1  30... h6  31. Qh4   Qa5  32. Re3   Qc5  33. Red3   Qb4  34. g4   Nc7  35. Ne2   Rd8  36. Ng3   Ne6  37. Kh1   Nf4  38. R3d2   Qc3  39. Bg2   Ng6  40. Qh5  40... Nf4  41. Qh4   Ng6  42. Ne2   Qe3  43. Qg3   b5  44. Rd3   Qc5  45. Rc3   bxc4  46. Rxc4   Qb6  47. Rc2   Rac8  48. g5   Bb5  49. Nc3   Qe3  50. Nd5  50... Qxg5  51. Qf2   Nf4  52. Nxf4   Qxf4  53. Rxd6   Qc1+  54. Rxc1   Rxc1+  55. Bf1   Rxd6  56. Qa7   Rxf1+  57. Kg2   Rg6+  58. Kh3   Rxf3+  59. Kh4   Rf4+  60. Kh3  60... Bf1# 0-1

[Event "1st Killer Chess Training Open 2023"]
[Site "Copenhagen"]
[Date "2023.10.18"]
[Round "5.12"]
[White "Falkesgaard, Jeppe Hald"]
[Black "Medhus, Vitus Bondo"]
[Result "1-0"]
[WhiteElo "2162"]
[BlackElo "2061"]
[EventDate "2023.10.14"]
[EventType "swiss"]
[EventRounds "9"]
[EventCountry "DEN"]
[SourceTitle "Live v. Obro Skakforening"]

1. d4   Nf6  2. c4   e6  3. Nc3   Bb4  4. e3   O-O  5. Bd3   d5  6. Nf3   b6  7. cxd5   exd5  8. O-O   Bg4  9. h3   Bh5  10. g4  10... Bg6  11. Ne5   Bxd3  12. Qxd3   Bxc3  13. bxc3   Ne4  14. c4   c6  15. Ba3   Re8  16. cxd5   Qxd5  17. Rfd1   Ng5  18. Qf5   f6  19. Kh2   Ne4  20. Nd3  20... Qxf5  21. gxf5   Nd7  22. Rac1   c5  23. dxc5   Ndxc5  24. Nxc5   bxc5  25. Rd7   Red8  26. Re7   Re8  27. Bxc5   Nxf2  28. Rxe8+   Rxe8  29. Bxa7   Re5  30. Rc5  30... Re7  31. Rc8+   Kf7  32. Bc5   Re8  33. Rc7+   Kg8  34. a4   Ne4  35. Bb4   g6  36. a5   Ra8  37. fxg6   hxg6  38. Rc6   Kf7  39. a6   g5  40. Rc7+  40... Ke6  41. a7   f5  42. Kg2   g4  43. h4   Kf6  44. Ba5   Kg6  45. Bb6   g3  46. Rb7   Rc8  47. Rc7   Rg8  48. Bd4   Rd8  49. Kf3   Nd6  50. Rc6  50... Rg8  51. Rxd6+   Kh5  52. Bg7   f4  53. Rh6#  1-0

[Event "1st Killer Chess Training Open 2023"]
[Site "Copenhagen"]
[Date "2023.10.19"]
[Round "6.1"]
[White "Rasmussen, Allan Stig"]
[Black "Brunello, Sabino"]
[Result "1-0"]
[WhiteElo "2510"]
[BlackElo "2486"]
[EventDate "2023.10.14"]
[EventType "swiss"]
[EventRounds "9"]
[EventCountry "DEN"]
[SourceTitle "Live v. Obro Skakforening"]

1. e4   c6  2. d4   d5  3. exd5   cxd5  4. Bd3   Nc6  5. c3   Nf6  6. h3   e5  7. dxe5   Nxe5  8. Nf3   Nxd3+  9. Qxd3   Be7  10. O-O  10... O-O  11. Bg5   h6  12. Bxf6   Bxf6  13. Na3   Qb6  14. Qb5   Qe6  15. Rad1   a6  16. Qb3   Qe4  17. Nd4   Re8  18. Nac2   Bxh3  19. gxh3   Qg6+  20. Kh1  20... Qe4+  21. f3   Qh4  22. Rd2   Qxh3+  23. Kg1   Re5  24. Rg2   Rae8  25. Qb6   Kh8  26. Qd6   Kh7  27. a4   Rd8  28. Qc7   Rd7  29. Qc8   Rh5  30. Ne3  30... Bg5  31. Ndc2   Bf4  32. Kf2   Re5  33. Ng4   Qh4+  34. Kg1   Ree7  35. Nd4   Qg5  36. Nf2   Qh5  37. Qf8   g6  38. Ng4   Qg5  39. Ne2   Bd6  40. f4  40... Qh4  41. f5  1-0

[Event "1st Killer Chess Training Open 2023"]
[Site "Copenhagen"]
[Date "2023.10.19"]
[Round "6.2"]
[White "Arizmendi Martinez, Julen Luis"]
[Black "Hector, Jonny"]
[Result "1-0"]
[WhiteElo "2515"]
[BlackElo "2436"]
[EventDate "2023.10.14"]
[EventType "swiss"]
[EventRounds "9"]
[EventCountry "DEN"]
[SourceTitle "Live v. Obro Skakforening"]

1. e4   e5  2. Nf3   Nc6  3. Bb5   f5  4. d3   fxe4  5. dxe4   Nf6  6. O-O   d6  7. Nc3   Be7  8. Bc4   Na5  9. Bd3   Bg4  10. Nd5  10... O-O  11. Ne3   Bd7  12. b4   Nc6  13. b5   Na5  14. Bd2   b6  15. Bxa5   bxa5  16. a4   Kh8  17. Nd2   a6  18. c4   Qe8  19. Rc1   c6  20. b6  20... c5  21. Bc2   Rb8  22. Rb1   Qd8  23. Nd5   Nxd5  24. cxd5   Rxb6  25. Rxb6   Qxb6  26. Nc4   Qc7  27. Qd3   Kg8  28. g3   Bh3  29. Rb1   Rb8  30. f4  30... Rxb1+  31. Bxb1   exf4  32. gxf4   Bd7  33. e5   g6  34. Qb3   Be8  35. Bc2   Qc8  36. e6   Qd8  37. Qb6   Qxb6  38. Nxb6   Bd8  39. Nc4   Bc7  40. Kg2  40... Kg7  41. Kg3   Kf6  42. h4   h6  43. Kg4   Kg7  44. Bb3   Kf6  45. Nb2   Bd8  46. Nc4   Bc7  47. Bc2   Kg7  48. h5   gxh5+  49. Kh3   Kf6  50. Nd2  50... Kg7  51. f5   Bd8  52. Ne4   Be7  53. Bd1   c4  54. Bc2   c3  55. Bd1   h4  56. Kg4   h3  57. Kxh3   Bh5  58. Nxc3   Bxd1  59. Nxd1   Kf6  60. Kg4  60... Ke5  61. Ne3   Bg5  62. Kh5   Kf6  63. Ng4+   Kxf5  64. Nxh6+   Kf4  65. Ng8   Kf5  66. Nh6+   Kf4  67. Kg6   Bd8  68. Ng8   Ke5  69. e7   Bxe7  70. Nxe7  1-0

[Event "1st Killer Chess Training Open 2023"]
[Site "Copenhagen"]
[Date "2023.10.19"]
[Round "6.3"]
[White "Chatalbashev, Boris"]
[Black "Cherniack, Alex"]
[Result "1-0"]
[WhiteElo "2467"]
[BlackElo "2173"]
[EventDate "2023.10.14"]
[EventType "swiss"]
[EventRounds "9"]
[EventCountry "DEN"]
[SourceTitle "Live v. Obro Skakforening"]

1. Nf3   Nf6  2. c4   c5  3. Nc3   e6  4. g3   b6  5. Bg2   Bb7  6. O-O   Be7  7. d4   cxd4  8. Qxd4   O-O  9. Bf4   Nc6  10. Qd2  10... Na5  11. b3   Bb4  12. Qb2   d5  13. Rfd1   Qc8  14. Nb5   dxc4  15. bxc4   Qxc4  16. a4   Bc5  17. Bd6   Rfc8  18. Ne5   Qb3  19. Qxb3   Nxb3  20. Bxb7  20... Nxa1  21. Bxc5   Nb3  22. Bd6   Ne8  23. Nc6   Nxd6  24. Rxd6   Rxc6  25. Bxc6   Rb8  26. Nxa7  1-0

[Event "1st Killer Chess Training Open 2023"]
[Site "Copenhagen"]
[Date "2023.10.19"]
[Round "6.5"]
[White "Skonnord, Uno"]
[Black "Hacker, Jonas"]
[Result "0-1"]
[WhiteElo "2100"]
[BlackElo "2400"]
[EventDate "2023.10.14"]
[EventType "swiss"]
[EventRounds "9"]
[EventCountry "DEN"]
[SourceTitle "Live v. Obro Skakforening"]

1. e4   c5  2. Nc3   e6  3. Nge2   Nc6  4. g3   d5  5. exd5   exd5  6. d4   cxd4  7. Nxd4   Nf6  8. h3   Bb4  9. Qd3   O-O  10. Bg2  10... Re8+  11. Be3   Ne5  12. Qe2   Nc4  13. O-O   Nxb2  14. Nd1   Nc4  15. Rb1   Ba5  16. Qd3   h6  17. Bc1   Ne4  18. c3   Ne5  19. Qc2   Bb6  20. Ne3  20... Nc6  21. Rd1   Nxd4  22. cxd4   Be6  23. Bb2   Rc8  24. Qe2   Nc3  25. Bxc3   Rxc3  26. Qd2   Ra3  27. Kh2   Qd6  28. Rbc1   Ra4  29. Qb2   Rd8  30. Rd3  30... Qb4  31. Qxb4   Rxb4  32. Rcd1   Ra4  33. R1d2   f6  34. Bf3   Bf7  35. Bd1   Rb4  36. Bb3   Kf8  37. Nc2   Rb5  38. Re3   Bc7  39. Rde2   Bd6  40. Rc3  40... Bh5  41. Ree3   Bg6  42. Kg2   Be4+  43. f3   Bg6  44. Kf2   Ra5  45. Re2   Be8  46. Ne3   Bb5  47. Rec2   Bc6  48. Ng2   Bc7  49. Re3   Re8  50. Rxe8+  50... Kxe8  51. Ne3   Bb6  52. Rd2   Kf8  53. h4   h5  54. Ng2   Bc7  55. Ne3   Kf7  56. Rc2   Bb6  57. Rd2   g6  58. Ng2   Ba4  59. Nf4   Bxb3  60. axb3  60... Rb5  61. Rd3   Bc7  62. Ne2   g5  63. f4   gxh4  64. gxh4   Rb4  65. Ke3   Kg6  66. Ng3   a5  67. f5+   Kh6  68. Ne2   Kg7  69. Rc3   Bd6  70. Kd3  70... Rb6  71. Ke3   Kf7  72. Kf2   Rb4  73. Re3   Bb8  74. Rc3   Ba7  75. Ke3   Ke7  76. Rd3   Bb8  77. Rc3   Kd7  78. Kf2   Ba7  79. Ke3   b5  80. Rd3  80... a4  81. bxa4   bxa4  82. Nf4   Rxd4  83. Rxd4   a3  84. Nd3   a2  0-1

[Event "1st Killer Chess Training Open 2023"]
[Site "Copenhagen"]
[Date "2023.10.19"]
[Round "6.6"]
[White "Sgircea, Silvia Raluca"]
[Black "Halmeenmaki, Tuomo"]
[Result "1-0"]
[WhiteElo "2225"]
[BlackElo "2067"]
[EventDate "2023.10.14"]
[EventType "swiss"]
[EventRounds "9"]
[EventCountry "DEN"]
[SourceTitle "Live v. Obro Skakforening"]

1. Nf3   Nf6  2. c4   e6  3. Nc3   d5  4. e3   dxc4  5. Bxc4   c5  6. O-O   Be7  7. Qe2   a6  8. a4   O-O  9. Rd1   Nc6  10. d4  10... Qc7  11. d5   exd5  12. Bxd5   Bg4  13. h3   Bh5  14. b3   Rfe8  15. Bb2   Bd6  16. Qf1   Rad8  17. Rac1   Nb4  18. Bc4   Qe7  19. Be2   Bb8  20. Rxd8  20... Rxd8  21. Rd1   Bg6  22. Rxd8+   Qxd8  23. Qd1   Qxd1+  24. Bxd1   Nd3  25. Ba3   Bc7  26. Nh4   Be5  27. Nxg6   hxg6  28. Nb1   Nd5  29. Be2   N5b4  30. Kf1  30... Nb2  31. f4   Bf6  32. g4   N2d3  33. Bxd3   Nxd3  34. Ke2   Nb4  35. Bxb4   cxb4  36. Kd3   b5  37. axb5   axb5  38. Nd2   Kf8  39. Ne4   Be7  40. Kd4  40... Ke8  41. Kd5   Kd7  42. Ng5   f5  43. Ne6   Bh4  44. gxf5  1-0

[Event "1st Killer Chess Training Open 2023"]
[Site "Copenhagen"]
[Date "2023.10.19"]
[Round "6.7"]
[White "Castellanos Rodriguez, Reiner"]
[Black "Falkesgaard, Jeppe Hald"]
[Result "1-0"]
[WhiteElo "2487"]
[BlackElo "2162"]
[EventDate "2023.10.14"]
[EventType "swiss"]
[EventRounds "9"]
[EventCountry "DEN"]
[SourceTitle "Live v. Obro Skakforening"]

1. e4   c5  2. Nf3   Nc6  3. Bb5   Nf6  4. Bxc6   dxc6  5. d3   g6  6. h3   Bg7  7. O-O   O-O  8. Re1   Ne8  9. Nbd2   e5  10. a3  10... a5  11. Nc4   Qc7  12. Be3   b6  13. b4   axb4  14. axb4   Rxa1  15. Qxa1   b5  16. Ncxe5   f6  17. Ng4   f5  18. Qa2+   c4  19. exf5   gxf5  20. Ngh2  20... Bc3  21. Bd2   Bxd2  22. Nxd2   Qd6  23. Nhf3   Be6  24. dxc4   bxc4  25. Nxc4   Qd5  26. Qb3   Nc7  27. Na5   Rb8  28. Qc3   Nb5  29. Qf6   Nc7  30. c3  30... Rf8  31. Qg5+   Kh8  32. Qf4   Qd7  33. Nd4   Bd5  34. c4  1-0

[Event "1st Killer Chess Training Open 2023"]
[Site "Copenhagen"]
[Date "2023.10.19"]
[Round "6.9"]
[White "Roe, Simon J"]
[Black "Zheng, Harry Z"]
[Result "1/2-1/2"]
[WhiteElo "2161"]
[BlackElo "2141"]
[EventDate "2023.10.14"]
[EventType "swiss"]
[EventRounds "9"]
[EventCountry "DEN"]
[SourceTitle "Live v. Obro Skakforening"]

1. c4   e5  2. g3   Nf6  3. Bg2   d5  4. cxd5   Nxd5  5. Nf3   Nc6  6. O-O   Nb6  7. b3   Be7  8. Bb2   f6  9. Nc3   O-O  10. Qc1  10... Be6  11. d4   Nxd4  12. Nxd4   exd4  13. Rd1   c5  14. e3   Qd7  15. exd4   cxd4  16. Na4   Rfc8  17. Nxb6   axb6  18. Qb1   Bf5  19. Be4   Bxe4  20. Qxe4  20... Bf8  21. Bxd4   Qc6  22. Qg4   Re8  23. Rac1   Qe6  24. Qxe6+   Rxe6  25. a4   Rd8  26. Be3   Rxd1+  27. Rxd1   Bc5  28. Rd8+   Kf7  29. Rb8   Re7  30. Bxc5  30... bxc5  31. Rc8  1/2-1/2

[Event "1st Killer Chess Training Open 2023"]
[Site "Copenhagen"]
[Date "2023.10.19"]
[Round "6.10"]
[White "Lauritsen, Martin Lee"]
[Black "Jacobsen, Mikkel Manosri"]
[Result "1/2-1/2"]
[WhiteElo "2088"]
[BlackElo "2321"]
[EventDate "2023.10.14"]
[EventType "swiss"]
[EventRounds "9"]
[EventCountry "DEN"]
[SourceTitle "Live v. Obro Skakforening"]

1. e4   c5  2. Nf3   Nf6  3. Nc3   d5  4. exd5   Nxd5  5. d4   Nxc3  6. bxc3   e6  7. Bb5+   Bd7  8. Bxd7+   Qxd7  9. Ne5   Qd5  10. Qf3  10... Qxf3  11. Nxf3   Nc6  12. Be3   cxd4  13. cxd4   Be7  14. Ke2   Bf6  15. Rab1   O-O-O  16. Rhd1   Rd7  17. c3   b6  18. Bg5   Bd8  19. Be3   Kb7  20. Rd2  20... Be7  21. a4   Bf6  22. Rb5   Na5  23. Rc2   Nc4  24. Rb4   Rc8  25. Kd3   e5  26. Ke2   exd4  27. Bxd4   Bxd4  28. cxd4   Rdc7  29. Ne5   Nxe5  30. Rxc7+  30... Rxc7  31. dxe5   Re7  32. f4   f6  33. Re4   Kc6  34. Ke3   fxe5  35. fxe5   Kd5  36. Kf4   Rf7+  37. Ke3   g5  38. Rb4   Re7  39. Rb5+   Ke6  40. a5  40... bxa5  41. Rxa5   Kf5  42. Kf3   h5  43. h3   g4+  44. hxg4+   hxg4+  45. Kg3   Rg7  46. Rc5   Rb7  47. e6+   Kxe6  48. Kxg4   Rg7+  49. Kf3   Rf7+  50. Ke3  50... Rf5  51. Rc6+   Kd5  52. Ra6   Rf7  53. g4   Kc5  54. g5   Kb5  55. Ra1   a5  56. Ke4   a4  57. g6   Rf2  58. Ke5   Rg2  59. Kf6   Kb4  60. g7  60... a3  61. Kf7   Rf2+  62. Ke7   Rg2  63. Kf7  1/2-1/2

[Event "1st Killer Chess Training Open 2023"]
[Site "Copenhagen"]
[Date "2023.10.19"]
[Round "6.11"]
[White "Holinka, Henning"]
[Black "Praczukowski, Stanislaw"]
[Result "1-0"]
[WhiteElo "2263"]
[BlackElo "2146"]
[EventDate "2023.10.14"]
[EventType "swiss"]
[EventRounds "9"]
[EventCountry "DEN"]
[SourceTitle "Live v. Obro Skakforening"]

1. e4   e6  2. d4   d5  3. Nc3   Nf6  4. Bg5   Bb4  5. e5   h6  6. Bc1   Ne4  7. a3   Nxc3  8. Qg4   Bf8  9. bxc3   c5  10. Nf3  10... Qc7  11. Bd2   Bd7  12. Bd3   c4  13. Be2   Ba4  14. Ra2   Nc6  15. h4   O-O-O  16. h5   Kb8  17. Qf4   Ka8  18. g4   f6  19. exf6   Bd6  20. Qe3  20... e5  21. fxg7   Qxg7  22. dxe5   Nxe5  23. Nxe5   Bxe5  24. f4   Bc7  25. Rb2   d4  26. cxd4   Rhe8  27. Qf2   Qxg4  28. Kd1   Qf5  29. Bf3   Bb6  30. Kc1  30... c3  31. Bxc3   Rc8  32. Qd2   Rc7  33. Rg1   Qh3  34. Qd3   Qh2  35. Rf1   Qxf4+  36. Kb1   Qd6  37. Rb4   Rec8  38. Rxa4   Rxc3  39. Qe4   Qd7  40. Rb4  40... Qc7  41. Rf2   Rb8  42. Bg2   Rc6  43. Rf5   a6  44. Qd3   Ba7  45. Bxc6   Qxc6  46. Qf3   Qd7  47. Rf7   Qc8  48. Qd5  1-0

[Event "1st Killer Chess Training Open 2023"]
[Site "Copenhagen"]
[Date "2023.10.19"]
[Round "6.12"]
[White "Moe, Mogens"]
[Black "Nordenbaek, Jan"]
[Result "1-0"]
[WhiteElo "2103"]
[BlackElo "2156"]
[EventDate "2023.10.14"]
[EventType "swiss"]
[EventRounds "9"]
[EventCountry "DEN"]
[SourceTitle "Live v. Obro Skakforening"]

1. e4   c5  2. Nf3   Nc6  3. d4   cxd4  4. Nxd4   Nf6  5. Nc3   e5  6. Ndb5   d6  7. Bg5   a6  8. Na3   b5  9. Nd5   Be7  10. Bxf6  10... Bxf6  11. c3   O-O  12. Nc2   Rb8  13. Bd3   Bg5  14. h4   Bh6  15. g4   Bf4  16. g5   Be6  17. Qf3   Bxd5  18. exd5   Ne7  19. Qe4   g6  20. Ne3  20... Qc8  21. O-O-O   Qc5  22. Bc2   Nf5  23. Rh3   b4  24. c4   Rfc8  25. b3   Nd4  26. h5   Ne2+  27. Kb2   Nc3  28. Qh1   Nxd1+  29. Nxd1   Qd4+  30. Kb1  30... Qd2  31. Nb2   Bxg5  32. hxg6   h6  33. gxf7+   Kxf7  34. Rd3   Kf8  35. Rh3  1-0

[Event "1st Killer Chess Training Open 2023"]
[Site "Copenhagen"]
[Date "2023.10.20"]
[Round "7.1"]
[White "Hacker, Jonas"]
[Black "Arizmendi Martinez, Julen Luis"]
[Result "1/2-1/2"]
[WhiteElo "2400"]
[BlackElo "2515"]
[EventDate "2023.10.14"]
[EventType "swiss"]
[EventRounds "9"]
[EventCountry "DEN"]
[SourceTitle "Live v. Obro Skakforening"]

1. e4   c6  2. d4   d5  3. e5   c5  4. dxc5   e6  5. a3   Bxc5  6. Qg4   Ne7  7. Nf3   Nf5  8. Bd3   h5  9. Qf4   Nc6  10. O-O  10... Nce7  11. Qg5   Bd7  12. Nc3   Rc8  13. Ne2   Ng6  14. Qxd8+   Rxd8  15. Bxf5   exf5  16. Nf4   Nxf4  17. Bxf4   Be6  18. c3   d4  19. Bg5   Rd7  20. b4  20... Bb6  21. Nxd4   Bxd4  22. cxd4   O-O  23. Be3   Rc8  24. d5   Rxd5  25. Bxa7   Rxe5  26. a4   Rc2  27. Rfc1   Rxc1+  28. Rxc1   Bb3  29. a5   Rd5  30. Rc8+  30... Kh7  31. h3   Rd7  32. Rc5   Kg6  33. Rb5   f6  34. Be3   Kf7  35. Rxf5   Rd5  36. Rxd5   Bxd5  37. f3   Bc4  38. Kf2   Ke6  39. Bd2   g6  40. Bc3  40... f5  41. h4   Bb5  42. Ke3   Kd5  43. Bg7   Bf1  44. Kf2   Bb5  45. Bf8   Ba6  46. Ke3   Bb5  47. Kf4   Ke6  48. Bc5   Bf1  49. g3   Bb5  50. Bf2  50... Bf1  51. Kg5   Kf7  52. Be1   Bb5  53. g4   fxg4  54. fxg4   hxg4  55. Kf4   Ke6  56. Ke4   Kd6  57. Kf4   Kc6  58. Kxg4  1/2-1/2

[Event "1st Killer Chess Training Open 2023"]
[Site "Copenhagen"]
[Date "2023.10.20"]
[Round "7.2"]
[White "Loftgaard, Mikkel Vinh"]
[Black "Rasmussen, Allan Stig"]
[Result "0-1"]
[WhiteElo "2151"]
[BlackElo "2510"]
[EventDate "2023.10.14"]
[EventType "swiss"]
[EventRounds "9"]
[EventCountry "DEN"]
[SourceTitle "Live v. Obro Skakforening"]

1. e4   c6  2. d4   d5  3. e5   c5  4. Nf3   Nc6  5. c4   e6  6. Nc3   dxc4  7. d5   exd5  8. Nxd5   Be6  9. Nc3   Qxd1+  10. Nxd1  10... Bd5  11. Bf4   Nge7  12. Nc3   O-O-O  13. O-O-O   Bxf3  14. Rxd8+   Kxd8  15. gxf3   Ng6  16. Bg5+   Be7  17. Bxe7+   Kxe7  18. Bxc4   Ncxe5  19. Re1   f6  20. Bd5  20... Nf4  21. Be4   b6  22. Kc2   g6  23. Nb5   a6  24. Nc3   Rd8  25. a3   Kf7  26. b4   cxb4  27. axb4   Ned3  28. Rb1   Nxf2  29. Bb7   Ne6  30. Bd5  30... Nh3  31. Ra1   Nf4  32. Bb3   Ra8  33. Na4   Rc8+  34. Kd2   Rc6  35. Nc3   b5  36. Ne4   Ke7  37. Re1   f5  38. Nc5   Kf6  39. Nd7+   Kg5  40. Ne5  40... Rd6+  41. Kc3   Kf6  42. Re3   g5  43. Bxe6   Nxe6  44. Nd3   Rc6+  45. Kb2   Rc4  46. Re1   Nf4  47. Ne5   Rc7  0-1

[Event "1st Killer Chess Training Open 2023"]
[Site "Copenhagen"]
[Date "2023.10.20"]
[Round "7.3"]
[White "Brunello, Sabino"]
[Black "Sgircea, Silvia Raluca"]
[Result "1-0"]
[WhiteElo "2486"]
[BlackElo "2225"]
[EventDate "2023.10.14"]
[EventType "swiss"]
[EventRounds "9"]
[EventCountry "DEN"]
[SourceTitle "Live v. Obro Skakforening"]

1. c4   c5  2. g3   g6  3. Bg2   Bg7  4. Nc3   Nc6  5. Nf3   d6  6. O-O   e6  7. e3   Nge7  8. d4   cxd4  9. Nxd4   Nxd4  10. exd4  10... O-O  11. d5   e5  12. a4   a5  13. b3   Nf5  14. Ba3   Nd4  15. Ne4   Ra6  16. c5   dxc5  17. Bxc5   Re8  18. f4   b6  19. Bd6   Nf5  20. fxe5  20... Bxe5  21. Bxe5   Rxe5  22. Qd2   Ra7  23. Qc3   Qc7  24. Qb2   Ba6  25. Nf6+   Kf8  26. Nd7+   Qxd7  27. Qxe5   Bxf1  28. Qh8+   Ke7  29. Re1+   Kd6  30. Qe5+  1-0

[Event "1st Killer Chess Training Open 2023"]
[Site "Copenhagen"]
[Date "2023.10.20"]
[Round "7.4"]
[White "Hector, Jonny"]
[Black "Chatalbashev, Boris"]
[Result "1/2-1/2"]
[WhiteElo "2436"]
[BlackElo "2467"]
[EventDate "2023.10.14"]
[EventType "swiss"]
[EventRounds "9"]
[EventCountry "DEN"]
[SourceTitle "Live v. Obro Skakforening"]

1. e4   c5  2. Nf3   Nc6  3. Bb5   g6  4. O-O   Bg7  5. c3   Nf6  6. Re1   O-O  7. h3   e5  8. d4   cxd4  9. cxd4   Nxd4  10. Nxd4  10... Qb6  11. Nf3   Qxb5  12. Nc3   Qa5  13. Qd3   d5  14. Bd2   dxe4  15. Nxe4   Qb6  16. Nxf6+   Bxf6  17. Bc3   Rd8  18. Qe3   Qxe3  19. Rxe3   Be6  20. Nxe5  20... Bg5  21. Re2   Rac8  22. Ng4   Bc4  23. Ree1   Bd2  24. Re7   Bxc3  25. bxc3   h5  26. Ne5   Bd5  27. Rd1   Bxa2  28. Rxd8+   Rxd8  29. Rxb7   a5  30. Ra7  30... Rd5  31. Nc6   Rc5  32. Rxa5   Rxc6  1/2-1/2

[Event "1st Killer Chess Training Open 2023"]
[Site "Copenhagen"]
[Date "2023.10.20"]
[Round "7.5"]
[White "Castellanos Rodriguez, Reiner"]
[Black "Haubro, Martin"]
[Result "0-1"]
[WhiteElo "2487"]
[BlackElo "2405"]
[EventDate "2023.10.14"]
[EventType "swiss"]
[EventRounds "9"]
[EventCountry "DEN"]
[SourceTitle "Live v. Obro Skakforening"]

1. e4   e5  2. Nf3   Nc6  3. Bb5   a6  4. Ba4   Nf6  5. O-O   Be7  6. d3   b5  7. Bb3   d6  8. c3   O-O  9. h3   h6  10. Re1  10... Re8  11. Nbd2   Bf8  12. a4   Bd7  13. Bc2   b4  14. Nc4   Rb8  15. Ne3   Na5  16. Bd2   bxc3  17. Bxc3   c5  18. Nh2   Nc6  19. Bb3   Be6  20. Bxe6  20... fxe6  21. Nc4   Qc7  22. Nf3   Nd7  23. Ne3   Nf6  24. Nc4   Nd7  25. Ne3   Be7  26. a5   Rb5  27. Ng4   Bd8  28. Qa4   Kh8  29. Qa2   Nd4  30. Bxd4  30... exd4  31. Nd2   h5  32. Nh2   Ne5  33. Qb1   Qb7  34. b3   Bxa5  35. Rxa5   Rxa5  36. f4   Nf7  37. Qd1   Kg8  38. Nc4   Rb5  39. Qxh5   Rxb3  40. Nf3  40... Rb1  41. Rxb1   Qxb1+  42. Kh2   Qc1  43. Kg3   Rf8  44. Qg4   e5  45. f5   Qf4+  46. Qxf4   exf4+  47. Kxf4   Ra8  48. g4   a5  49. g5   a4  50. Na3  50... Rb8  51. g6   Ne5  52. Nxe5   dxe5+  53. Kxe5   Rb3  0-1

[Event "1st Killer Chess Training Open 2023"]
[Site "Copenhagen"]
[Date "2023.10.20"]
[Round "7.7"]
[White "Zheng, Harry Z"]
[Black "Holinka, Henning"]
[Result "0-1"]
[WhiteElo "2141"]
[BlackElo "2263"]
[EventDate "2023.10.14"]
[EventType "swiss"]
[EventRounds "9"]
[EventCountry "DEN"]
[SourceTitle "Live v. Obro Skakforening"]

1. e4   c5  2. Nf3   d6  3. d4   cxd4  4. Nxd4   Nf6  5. Nc3   a6  6. Be3   e5  7. Nf3   Be7  8. Bc4   Be6  9. Bxe6   fxe6  10. Ng5  10... Qd7  11. Qf3   Nc6  12. Qh3   Nd8  13. Bb6   h6  14. Bxd8   Bxd8  15. Qxe6+   Qe7  16. Qxe7+   Kxe7  17. Nf3   Ba5  18. O-O   Bxc3  19. bxc3   Nxe4  20. Nh4  20... Ke6  21. f4   Nxc3  22. fxe5   dxe5  23. Rae1   Rhf8  24. Nf3   e4  25. Re3   Rac8  26. Nd4+   Kd5  27. Nf5   Ke5  28. Nxg7   Rxf1+  29. Kxf1   Nd5  30. Rh3  30... Rxc2  31. Rh5+   Kd4  32. Ne6+   Ke3  33. g4   Rc1+  34. Kg2   Nf4+  35. Nxf4   Kxf4  36. Rxh6   Rc2+  37. Kf1   Kxg4  38. a4   b5  39. Rxa6   b4  40. Rb6  40... Kf3  41. Rf6+   Ke3  42. Rb6   Rb2  43. a5   Kd3  44. Rd6+   Kc4  45. Re6   Rxh2  46. Rxe4+   Kc3  47. Re3+   Kd4  48. Rg3   Kc4  49. Rg4+   Kb5  50. Rg5+  50... Ka6  51. Kg1   Rc2  52. Rg3   Kxa5  53. Kf1   Ka4  54. Ke1   b3  55. Kd1   Ka3  56. Rg8   Kb2  57. Rb8   Rc5  58. Kd2   Rd5+  59. Ke3   Kc2  60. Rc8+  60... Kb1  61. Ke4   Rd7  62. Rb8   b2  63. Ke3   Rd6  64. Rb7   Rc6  65. Kd2   Rc5  66. Rb8   Rd5+  67. Ke3   Kc2  68. Ke4   Rc5  69. Kd4  0-1